<?xml version="1.0" encoding="UTF-8"?><?xml-stylesheet type="text/xsl" href="static/style.xsl"?><OAI-PMH xmlns="http://www.openarchives.org/OAI/2.0/" xmlns:xsi="http://www.w3.org/2001/XMLSchema-instance" xsi:schemaLocation="http://www.openarchives.org/OAI/2.0/ http://www.openarchives.org/OAI/2.0/OAI-PMH.xsd"><responseDate>2026-04-17T05:28:32Z</responseDate><request verb="GetRecord" identifier="oai:www.recercat.cat:2117/421718" metadataPrefix="marc">https://recercat.cat/oai/request</request><GetRecord><record><header><identifier>oai:recercat.cat:2117/421718</identifier><datestamp>2025-07-22T15:31:59Z</datestamp><setSpec>com_2072_1033</setSpec><setSpec>col_2072_452951</setSpec></header><metadata><record xmlns="http://www.loc.gov/MARC21/slim" xmlns:dcterms="http://purl.org/dc/terms/" xmlns:xsi="http://www.w3.org/2001/XMLSchema-instance" xmlns:doc="http://www.lyncode.com/xoai" xsi:schemaLocation="http://www.loc.gov/MARC21/slim http://www.loc.gov/standards/marcxml/schema/MARC21slim.xsd">
   <leader>00925njm 22002777a 4500</leader>
   <datafield ind2=" " ind1=" " tag="042">
      <subfield code="a">dc</subfield>
   </datafield>
   <datafield ind2=" " ind1=" " tag="720">
      <subfield code="a">Oliva Barabanti, Jonathan Nicola</subfield>
      <subfield code="e">author</subfield>
   </datafield>
   <datafield ind2=" " ind1=" " tag="260">
      <subfield code="c">2024-10-09</subfield>
   </datafield>
   <datafield ind2=" " ind1=" " tag="520">
      <subfield code="a">Entre las distintas técnicas constructivas vernáculas presentes en Chile, la quincha, destaca como una tradición aún vigente. La quincha, es una técnica tradicional para la confección de muros, la cual se compone por una estructura portante de madera, un relleno de tierra mezclado con vibras vegetales, y un revoque  de tierra en ambas caras. &#xd;
&#xd;
La creciente aceptación y regulación de la arquitectura en tierra, junto con la innovación en tecnologías constructivas, permite vislumbrar un futuro donde la quincha sea una solución viable y sostenible para la construcción de viviendas.&#xd;
&#xd;
El presente trabajo propone un enfoque integral, combinando, revisión bibliográfica de las propiedades térmicas de materiales con tierra, confección de muestras, mediciones, simulaciones térmicas y análisis comparativos.&#xd;
&#xd;
La investigación se enfoca en analizar y evaluar las propiedades térmicas de cada uno de los elementos que componen el paquete constructivo de la quincha. Se elaboran muestras con distintas dosificaciones de tierra y paja para realizar mediciones de laboratorio a pequeña escala obteniendo valores de conductividad térmica, calor especifico y densidad. Los resultados obtenidos se comparan con los datos recopilados en la revisión bibliográfica, para posteriormente ser utilizados en simulaciones térmicas. &#xd;
&#xd;
Este trabajo no solo busca evaluar y analizar el comportamiento térmico de la quincha, sino también resaltar la importancia de este sistema constructivo como una técnica de construcción vernácula. &#xd;
&#xd;
Al evaluar el comportamiento térmico de la quincha en el contexto climático de Chile, se pretende ofrecer una solución viable y eficiente como solución constructiva  para viviendas que cumpla con la normativa térmica vigente, promoviendo una arquitectura que respete tanto el medio ambiente como las identidades locales.</subfield>
   </datafield>
   <datafield ind2=" " ind1=" " tag="520">
      <subfield code="a">Among the various vernacular construction techniques present in Chile, quincha stands out as a tradition that is still in use. Quincha is a traditional technique for constructing walls, consisting of a wooden supporting structure, a fill of earth mixed with plant fibers, and an earth plaster applied to both sides.&#xd;
&#xd;
The increasing acceptance and regulation of earth architecture, combined with innovations in construction technologies, suggest a future where quincha could be a viable and sustainable solution for housing construction.&#xd;
&#xd;
This study proposes a comprehensive approach that combines a literature review of the thermal properties of earthen materials, sample preparation, measurements, thermal simulations, and comparative analysis.&#xd;
&#xd;
The research focuses on analyzing and evaluating the thermal properties of each component of the quincha construction package. Samples with different ratios of earth and straw are prepared for small-scale laboratory measurements, yielding values for thermal conductivity, specific heat, and density. The results obtained are compared with data collected from the literature review and later used in thermal simulations.&#xd;
&#xd;
This work not only aims to assess and analyze the thermal performance of quincha but also to highlight the significance of this construction system as a vernacular building technique.&#xd;
&#xd;
By evaluating the thermal performance of quincha within the climatic context of Chile, the goal is to offer a viable and efficient construction solution for housing that meets current thermal regulations, promoting architecture that respects both the environment and local identities.</subfield>
   </datafield>
   <datafield tag="653" ind2=" " ind1=" ">
      <subfield code="a">Àrees temàtiques de la UPC::Edificació::Materials de construcció::Materials ceràmics de construcció</subfield>
   </datafield>
   <datafield tag="653" ind2=" " ind1=" ">
      <subfield code="a">Earth construction -- Chile</subfield>
   </datafield>
   <datafield tag="653" ind2=" " ind1=" ">
      <subfield code="a">Walls -- Chile</subfield>
   </datafield>
   <datafield tag="653" ind2=" " ind1=" ">
      <subfield code="a">Sustainable construction -- Chile</subfield>
   </datafield>
   <datafield tag="653" ind2=" " ind1=" ">
      <subfield code="a">Quincha</subfield>
   </datafield>
   <datafield tag="653" ind2=" " ind1=" ">
      <subfield code="a">Conductividad térmica</subfield>
   </datafield>
   <datafield tag="653" ind2=" " ind1=" ">
      <subfield code="a">Densidad</subfield>
   </datafield>
   <datafield tag="653" ind2=" " ind1=" ">
      <subfield code="a">Calor específico</subfield>
   </datafield>
   <datafield tag="653" ind2=" " ind1=" ">
      <subfield code="a">Transmitacia térmica</subfield>
   </datafield>
   <datafield tag="653" ind2=" " ind1=" ">
      <subfield code="a">Construcción con tierra</subfield>
   </datafield>
   <datafield tag="653" ind2=" " ind1=" ">
      <subfield code="a">Tierra</subfield>
   </datafield>
   <datafield tag="653" ind2=" " ind1=" ">
      <subfield code="a">Construcció en terra -- Xile</subfield>
   </datafield>
   <datafield tag="653" ind2=" " ind1=" ">
      <subfield code="a">Murs -- Xile</subfield>
   </datafield>
   <datafield tag="653" ind2=" " ind1=" ">
      <subfield code="a">Construcció sostenible -- Xile</subfield>
   </datafield>
   <datafield ind2="0" ind1="0" tag="245">
      <subfield code="a">Evaluación del comportamiento térmico de la quincha como solución de cerramiento para viviendas en Chile</subfield>
   </datafield>
</record></metadata></record></GetRecord></OAI-PMH>